000 00864nam a2200241 a 4500
001 BRL_1171
005 20190320211051.0
008 211113s1962----sp-ao#####---#000-0#spa-#
041 _aspa
044 _asp
050 4 _aDP402.B2
_b.M87 1962
110 2 _aMuseo de Historia de la Ciudad (Barcelona, España)
_926000
245 1 0 _aGuía del Museo de Historia de la Ciudad
_cRedactado bajo la dirección de federico Udina Martorell.
260 _aBarcelona
_bAyuntamiento de Barcelona, Museo de Historia de la Ciudad
_c1962
300 _a241 p.
_bil., planos
_c17 cm.
440 0 _aPublicaciones del Museo
_v3
_926001
500 _aAu1360
610 2 4 _aMuseo de Historia de la Ciudad (Barcelona, España)
_vGuías
_926002
650 1 4 _aMuseos
_vGuías
_zBarcelona (España)
_926003
700 1 _aUdina Martorell, Federico
_926004
902 _aGRL
942 _2lcc
_cB
999 _c9983
_d9983